Open source enterprise solutions : (Record no. 33200)

MARC details
000 -LEADER
fixed length control field 01346cam a22003014a 4500
005 - DATE AND TIME OF LATEST TRANSACTION
control field 20230804095922.0
008 - FIXED-LENGTH DATA ELEMENTS--GENERAL INFORMATION
fixed length control field 010510s2001 nyua 001 0 eng
010 ## - LIBRARY OF CONGRESS CONTROL NUMBER
LC control number 2001026451
020 ## - INTERNATIONAL STANDARD BOOK NUMBER
ISBN 0471417440 (paper : alk. paper)
040 ## - CATALOGING SOURCE
Original cataloging agency DLC
Transcribing agency DLC
Modifying agency DLC
042 ## - AUTHENTICATION CODE
Authentication code pcc
082 00 - DEWEY DECIMAL CLASSIFICATION NUMBER
Classification number 658.05
Edition number 21
Item number CAR-O
100 1# - MAIN ENTRY--AUTHOR
Author Name Carbone, Gunnison.
245 10 - TITLE STATEMENT
Title Open source enterprise solutions :
Remainder of title developing an e-business strategy /
Statement of responsibility, etc. Gunnison Carbone, Duane Stoddard.
260 ## - PUBLICATION, DISTRIBUTION, ETC.
Place of Publication New York :
Name of publisher, distributor, etc. John Wiley,
Date of publication, distribution, etc. c2001.
300 ## - PHYSICAL DESCRIPTION
Pages xviii, 333 p. :
500 ## - GENERAL NOTE
General note Includes index.
650 #0 - SUBJECT ADDED ENTRY--TOPICAL TERM
Subject / Department Electronic commerce
General subdivision Management.
650 #0 - SUBJECT ADDED ENTRY--TOPICAL TERM
Subject / Department Electronic commerce
General subdivision Technological innovations.
650 #0 - SUBJECT ADDED ENTRY--TOPICAL TERM
Subject / Department Electronic commerce
General subdivision Computer network resources.
700 1# - ADDED ENTRY--PERSONAL NAME
Personal name Stoddard, Duane.
300 ## - PHYSICAL DESCRIPTION
-- ill. ;
-- 23 cm.
856 4# -
-- Table of Contents
-- http://www.loc.gov/catdir/toc/onix07/2001026451.html
856 42 -
-- Contributor biographical information
-- http://www.loc.gov/catdir/enhancements/fy0707/2001026451-b.html
856 42 -
-- Publisher description
-- http://www.loc.gov/catdir/enhancements/fy0707/2001026451-d.html
906 ## - LOCAL DATA ELEMENT F, LDF (RLIN)
a 7
b cbc
c orignew
d 1
e ocip
f 20
g y-gencatlg
952 ## - LOCATION AND ITEM INFORMATION (KOHA)
-- 0
-- 0
Holdings
Lost status Damaged status Permanent Location Current Location Shelving Location Date acquired Full Call Number Accession No./Barcode Date last seen item type
    Superior Information Resource Center (SIRC) Superior University- Gold Campus Superior Information Resource Center (SIRC) Superior University- Gold Campus Electronic Commerece 08/04/2023 658.05 CAR-O 2001 19572 08/04/2023 BOOK

Powered by Koha